Dí dỏm đời văn Giai thoại, câu đối, truyện nhộn
Đã lưu trong:
| Tác giả chính: | |
|---|---|
| Định dạng: | Sách |
| Ngôn ngữ: | Undetermined |
| Được phát hành: |
Tp. HCM
Văn nghệ
2000
|
| Những chủ đề: | |
| Các nhãn: |
Thêm thẻ
Không có thẻ, Là người đầu tiên thẻ bản ghi này!
|
| Thư viện lưu trữ: | Trung tâm Học liệu Trường Đại học Cần Thơ |
|---|
| LEADER | 00598nam a2200181Ia 4500 | ||
|---|---|---|---|
| 001 | CTU_37406 | ||
| 008 | 210402s9999 xx 000 0 und d | ||
| 082 | |a 895.9228 | ||
| 082 | |b Ch125 | ||
| 100 | |a Hoàng Minh Châu | ||
| 245 | 0 | |a Dí dỏm đời văn | |
| 245 | 0 | |b Giai thoại, câu đối, truyện nhộn | |
| 245 | 0 | |c Hoàng Minh Châu | |
| 260 | |a Tp. HCM | ||
| 260 | |b Văn nghệ | ||
| 260 | |c 2000 | ||
| 650 | |a parallelism ( language ),vietnamese language - parallelism,vietnamese literature - miscellanea | ||
| 980 | |a Trung tâm Học liệu Trường Đại học Cần Thơ | ||